Kiểm nghiệm thuốc : Mã số: T.60.Z05 (Dùng cho đào tạo dược sĩ trung cấp)

Sách được biên soạn dựa trên chương trình giáo dục nghề nghiệp của Bộ Y tế theo phương châm: Kiến thức cơ bản, hệ thống; nội dung chính xác, khoa học; cập nhật tiến bộ khoa học, kỹ thuật hiện đại và thực tiễn ở Việt Nam. Sách cấu tr...

全面介绍

Đã lưu trong:
书目详细资料
主要作者: Trần, Tích
格式: 图书
语言:Undetermined
出版: Hà Nội Giáo dục 2007
主题:
标签: 添加标签
没有标签, 成为第一个标记此记录!
Thư viện lưu trữ: Trung tâm Học liệu Trường Đại học Cần Thơ
LEADER 01339nam a2200229Ia 4500
001 CTU_133687
008 210402s9999 xx 000 0 und d
020 |c 53000 
082 |a 615.1901 
082 |b T302 
100 |a Trần, Tích 
245 0 |a Kiểm nghiệm thuốc : 
245 0 |b Mã số: T.60.Z05 (Dùng cho đào tạo dược sĩ trung cấp) 
245 0 |c Chủ biên: Trần Tích 
260 |a Hà Nội 
260 |b Giáo dục 
260 |c 2007 
520 |a Sách được biên soạn dựa trên chương trình giáo dục nghề nghiệp của Bộ Y tế theo phương châm: Kiến thức cơ bản, hệ thống; nội dung chính xác, khoa học; cập nhật tiến bộ khoa học, kỹ thuật hiện đại và thực tiễn ở Việt Nam. Sách cấu trúc gồm 22 bài giới thiệu cho độc giả biết được về công tác kiểm tra chất lượng, tiêu chuẩn hóa và kiểm nghiệm thuốc cũng như phương pháp xử lý số liệu, tính toán và trả lời kết quả kiểm nghiệm... 
650 |a Pharmacology 
650 |x Analysis 
904 |i Giang 
980 |a Trung tâm Học liệu Trường Đại học Cần Thơ